<?xml version="1.0" encoding="UTF-8"?>
<record
    xmlns:xsi="http://www.w3.org/2001/XMLSchema-instance"
    xsi:schemaLocation="http://www.loc.gov/MARC21/slim http://www.loc.gov/standards/marcxml/schema/MARC21slim.xsd"
    xmlns="http://www.loc.gov/MARC21/slim">

  <leader>02240cam a22003611i 4500</leader>
  <controlfield tag="003">OSt</controlfield>
  <controlfield tag="005">20260104131328.0</controlfield>
  <controlfield tag="008">251130s2013    su a   g      000 0 ara c</controlfield>
  <datafield tag="020" ind1=" " ind2=" ">
    <subfield code="a">9786030050413</subfield>
  </datafield>
  <datafield tag="024" ind1="0" ind2=" ">
    <subfield code="a">00000001024858</subfield>
  </datafield>
  <datafield tag="040" ind1=" " ind2=" ">
    <subfield code="a">SA-JeALM</subfield>
    <subfield code="b">ara</subfield>
    <subfield code="c">SA-RiAUC</subfield>
    <subfield code="e">rda</subfield>
  </datafield>
  <datafield tag="041" ind1="0" ind2=" ">
    <subfield code="a">ara</subfield>
    <subfield code="b">eng</subfield>
  </datafield>
  <datafield tag="043" ind1=" " ind2=" ">
    <subfield code="a">a-su---</subfield>
  </datafield>
  <datafield tag="050" ind1=" " ind2="4">
    <subfield code="b">J35 2013</subfield>
  </datafield>
  <datafield tag="082" ind1="0" ind2="4">
    <subfield code="a">745.50953122</subfield>
    <subfield code="q">SA-RiAUC</subfield>
  </datafield>
  <datafield tag="090" ind1=" " ind2=" ">
    <subfield code="a">745.50953122</subfield>
    <subfield code="b">&#x62C; &#x644; &#x648;</subfield>
  </datafield>
  <datafield tag="100" ind1="1" ind2=" ">
    <subfield code="a">&#x62C;&#x644;&#x648;&#x646;&#x60C; &#x639;&#x62F;&#x646;&#x627;&#x646; &#x62F;&#x631;&#x648;&#x64A;&#x634; &#x639;&#x628;&#x62F; &#x627;&#x644;&#x63A;&#x646;&#x64A;&#x60C;</subfield>
    <subfield code="d">1938-2020</subfield>
    <subfield code="e">&#x645;&#x624;&#x644;&#x641;.</subfield>
  </datafield>
  <datafield tag="245" ind1="1" ind2="2">
    <subfield code="a">&#x627;&#x644;&#x62D;&#x631;&#x641; &#x648;&#x627;&#x644;&#x62D;&#x631;&#x641;&#x64A;&#x648;&#x646; &#x628;&#x627;&#x644;&#x645;&#x62F;&#x64A;&#x646;&#x629; &#x627;&#x644;&#x645;&#x646;&#x648;&#x631;&#x629; &#x641;&#x64A; &#x627;&#x644;&#x639;&#x647;&#x62F; &#x627;&#x644;&#x633;&#x639;&#x648;&#x62F;&#x64A; /&#x200F;</subfield>
    <subfield code="c">&#x200F;&#x62C;&#x645;&#x639; &#x648;&#x62A;&#x635;&#x646;&#x64A;&#x641; &#x648;&#x625;&#x639;&#x62F;&#x627;&#x62F; &#x623;. &#x62F; &#x639;&#x62F;&#x646;&#x627;&#x646; &#x628;&#x646; &#x62F;&#x631;&#x648;&#x64A;&#x634; &#x62C;&#x644;&#x648;&#x646;&#x60C; &#x623;. &#x623;&#x62D;&#x645;&#x62F; &#x639;&#x64A;&#x62F; &#x623;&#x628;&#x648; &#x631;&#x628;&#x639;&#x64A;&#x629;.</subfield>
  </datafield>
  <datafield tag="250" ind1=" " ind2=" ">
    <subfield code="a">&#x627;&#x644;&#x637;&#x628;&#x639;&#x629; &#x627;&#x644;&#x623;&#x648;&#x644;&#x649;.</subfield>
  </datafield>
  <datafield tag="264" ind1=" " ind2="1">
    <subfield code="a">&#x627;&#x644;&#x645;&#x62F;&#x64A;&#x646;&#x629; &#x627;&#x644;&#x645;&#x646;&#x648;&#x631;&#x629; :</subfield>
    <subfield code="b">&#x639;&#x62F;&#x646;&#x627;&#x646; &#x62C;&#x644;&#x648;&#x646; &#x648; &#x627;&#x62D;&#x645;&#x62F; &#x639;&#x64A;&#x62F; &#x627;&#x628;&#x648; &#x631;&#x628;&#x639;&#x64A;&#x629;&#x60C;</subfield>
    <subfield code="c">2013</subfield>
  </datafield>
  <datafield tag="300" ind1=" " ind2=" ">
    <subfield code="a">799 &#x635;&#x641;&#x62D;&#x629; &#x61B;</subfield>
    <subfield code="b">&#x625;&#x64A;&#x636;&#x627;&#x62D;&#x64A;&#x627;&#x62A; &#x61B;</subfield>
    <subfield code="c">28 &#x633;&#x645;</subfield>
  </datafield>
  <datafield tag="336" ind1=" " ind2=" ">
    <subfield code="a">&#x646;&#x635;</subfield>
    <subfield code="b">txt</subfield>
    <subfield code="2">rdacontent</subfield>
    <subfield code="3">&#x643;&#x62A;&#x627;&#x628;</subfield>
  </datafield>
  <datafield tag="337" ind1=" " ind2=" ">
    <subfield code="a">&#x628;&#x62F;&#x648;&#x646; &#x648;&#x633;&#x64A;&#x637;</subfield>
    <subfield code="b">n</subfield>
    <subfield code="2">rdamedia</subfield>
  </datafield>
  <datafield tag="500" ind1=" " ind2=" ">
    <subfield code="a">&#x627;&#x647;&#x62F;&#x627;&#x621; &#x645;&#x646; &#x627;&#x644;&#x645;&#x624;&#x644;&#x641; &#x639;&#x62F;&#x646;&#x627;&#x646; &#x62C;&#x644;&#x648;&#x646; &#x627;&#x644;&#x649; &#x627;&#x644;&#x634;&#x64A;&#x62E; &#x631;&#x62D;&#x645;&#x647; &#x627;&#x644;&#x644;&#x647; &#x628;&#x62A;&#x627;&#x631;&#x64A;&#x62E; 5 / 11 / 1435 &#x647;&#x640;</subfield>
  </datafield>
  <datafield tag="505" ind1="0" ind2=" ">
    <subfield code="a">&#x627;&#x644;&#x645;&#x62D;&#x62A;&#x648;&#x64A;&#x627;&#x62A; : &#x627;&#x644;&#x628;&#x627;&#x628; &#x627;&#x644;&#x623;&#x648;&#x644; : &#x646;&#x628;&#x630;&#x629; &#x62A;&#x627;&#x631;&#x64A;&#x62E;&#x64A;&#x629; &#x648;&#x62D;&#x631;&#x641;&#x64A;&#x629;&#x60C; &#x627;&#x644;&#x628;&#x627;&#x628; &#x627;&#x644;&#x62B;&#x627;&#x646;&#x64A; : &#x627;&#x644;&#x645;&#x647;&#x646; &#x627;&#x644;&#x62A;&#x639;&#x644;&#x64A;&#x645;&#x64A;&#x629; &#x648;&#x627;&#x644;&#x625;&#x646;&#x633;&#x627;&#x646;&#x64A;&#x629; &#x648;&#x627;&#x644;&#x627;&#x62C;&#x62A;&#x645;&#x627;&#x639;&#x64A;&#x629;&#x60C; &#x627;&#x644;&#x628;&#x627;&#x628; &#x627;&#x644;&#x62B;&#x627;&#x644;&#x62B; : &#x627;&#x644;&#x62D;&#x631;&#x641; &#x648;&#x627;&#x644;&#x645;&#x647;&#x646; &#x627;&#x644;&#x62A;&#x62C;&#x627;&#x631;&#x64A;&#x629; &#x627;&#x644;&#x632;&#x631;&#x627;&#x639;&#x64A;&#x629;&#x60C; &#x627;&#x644;&#x628;&#x627;&#x628; &#x627;&#x644;&#x631;&#x627;&#x628;&#x639; : &#x627;&#x644;&#x62D;&#x644;&#x648;&#x64A;&#x627;&#x62A; &#x648;&#x627;&#x644;&#x645;&#x643;&#x633;&#x631;&#x627;&#x62A; &#x648;&#x627;&#x644;&#x641;&#x648;&#x627;&#x643;&#x629; &#x641;&#x64A; &#x627;&#x644;&#x645;&#x62F;&#x64A;&#x646;&#x629;&#x60C; &#x627;&#x644;&#x628;&#x627;&#x628; &#x627;&#x644;&#x62E;&#x627;&#x645;&#x633; : &#x627;&#x644;&#x62D;&#x631;&#x641; &#x648;&#x627;&#x644;&#x645;&#x647;&#x646; &#x627;&#x644;&#x62A;&#x62C;&#x627;&#x631;&#x64A;&#x629; &#x648;&#x627;&#x644;&#x635;&#x646;&#x627;&#x639;&#x64A;&#x629; &#x627;&#x644;&#x62B;&#x627;&#x628;&#x62A;&#x629; &#x648;&#x627;&#x644;&#x645;&#x62A;&#x646;&#x642;&#x644;&#x629;&#x60C; &#x627;&#x644;&#x628;&#x627;&#x628; &#x627;&#x644;&#x633;&#x627;&#x62F;&#x633; : &#x62F;&#x648;&#x631; &#x627;&#x644;&#x645;&#x631;&#x623;&#x629; &#x627;&#x644;&#x62B;&#x642;&#x627;&#x641;&#x64A; &#x648;&#x627;&#x644;&#x62A;&#x631;&#x627;&#x62B;&#x64A; &#x648;&#x627;&#x644;&#x645;&#x647;&#x646;&#x64A;.</subfield>
  </datafield>
  <datafield tag="546" ind1=" " ind2=" ">
    <subfield code="a">&#x64A;&#x634;&#x62A;&#x645;&#x644; &#x639;&#x644;&#x649; &#x645;&#x633;&#x62A;&#x62E;&#x644;&#x635; &#x628;&#x627;&#x644;&#x644;&#x63A;&#x629; &#x627;&#x644;&#x625;&#x646;&#x62C;&#x644;&#x64A;&#x632;&#x64A;&#x629;.</subfield>
  </datafield>
  <datafield tag="650" ind1=" " ind2="7">
    <subfield code="a">&#x627;&#x644;&#x62A;&#x631;&#x627;&#x62B; &#x627;&#x644;&#x633;&#x639;&#x648;&#x62F;&#x64A;</subfield>
    <subfield code="2">aucsh</subfield>
  </datafield>
  <datafield tag="650" ind1=" " ind2="7">
    <subfield code="a">&#x627;&#x644;&#x62D;&#x631;&#x641; &#x627;&#x644;&#x64A;&#x62F;&#x648;&#x64A;&#x629;</subfield>
    <subfield code="z">&#x627;&#x644;&#x633;&#x639;&#x648;&#x62F;&#x64A;&#x629;</subfield>
    <subfield code="2">aucsh</subfield>
  </datafield>
  <datafield tag="650" ind1=" " ind2="7">
    <subfield code="a">&#x627;&#x644;&#x62D;&#x631;&#x641; &#x627;&#x644;&#x64A;&#x62F;&#x648;&#x64A;&#x629;</subfield>
    <subfield code="z">&#x627;&#x644;&#x645;&#x62F;&#x64A;&#x646;&#x629; &#x627;&#x644;&#x645;&#x646;&#x648;&#x631;&#x629;</subfield>
    <subfield code="2">aucsh</subfield>
  </datafield>
  <datafield tag="700" ind1="1" ind2=" ">
    <subfield code="a">&#x623;&#x628;&#x648; &#x631;&#x628;&#x639;&#x64A;&#x629;&#x60C; &#x623;&#x62D;&#x645;&#x62F; &#x639;&#x64A;&#x62F; &#x60C;</subfield>
    <subfield code="d">&#x62A;&#x648;&#x641;&#x64A; 2007</subfield>
    <subfield code="e">&#x645;&#x624;&#x644;&#x641;.</subfield>
  </datafield>
  <datafield tag="942" ind1=" " ind2=" ">
    <subfield code="2">ddc</subfield>
    <subfield code="c">BOOK</subfield>
    <subfield code="n">0</subfield>
  </datafield>
  <datafield tag="949" ind1=" " ind2=" ">
    <subfield code="a">SA-JeALM</subfield>
    <subfield code="d">251130</subfield>
    <subfield code="u">osman123</subfield>
    <subfield code="n">1</subfield>
  </datafield>
  <datafield tag="952" ind1=" " ind2=" ">
    <subfield code="0">0</subfield>
    <subfield code="1">0</subfield>
    <subfield code="2">ddc</subfield>
    <subfield code="4">0</subfield>
    <subfield code="7">0</subfield>
    <subfield code="8">gift</subfield>
    <subfield code="a">WAHAB</subfield>
    <subfield code="b">WAHAB</subfield>
    <subfield code="d">2026-01-04</subfield>
    <subfield code="l">0</subfield>
    <subfield code="o">745.50953122  &#x62C; &#x644; &#x648;</subfield>
    <subfield code="p">000022215</subfield>
    <subfield code="r">2026-01-04 13:14:03</subfield>
    <subfield code="w">2026-01-04</subfield>
    <subfield code="y">BOOK</subfield>
  </datafield>
  <datafield tag="999" ind1=" " ind2=" ">
    <subfield code="c">13874</subfield>
    <subfield code="d">13874</subfield>
  </datafield>
</record>
